Southville International School and Colleges
Your cart is empty.
  • Cart
  • Lists
    Public lists Eva Luna New books Lux_list list_1
    Your lists Log in to create your own lists
  • Log in to your account
  • Your cookies
  • Search history
Southville International School and Colleges
  • Advanced search
  • Recent comments
  • Most popular
  • Libraries

Log in to your account

Log in with GOOGLE


If you do not have an external account, but do have a local account, you can still log in:

  1. Home
  2. MARC view: Training regulations :
Normal view MARC view ISBD view

Training regulations : (Record no. 9902)

[ view plain ]
MARC details
000 -LEADER
fixed length control field 00581nam a22001817a 4500
003 - CONTROL NUMBER IDENTIFIER
control field OSt
005 - DATE AND TIME OF LATEST TRANSACTION
control field 20140310182144.0
008 - FIXED-LENGTH DATA ELEMENTS--GENERAL INFORMATION
fixed length control field 130829t xxu||||| |||| 00| 0 eng d
020 ## - INTERNATIONAL STANDARD BOOK NUMBER
International Standard Book Number 9713401905
050 ## - LIBRARY OF CONGRESS CALL NUMBER
Classification number TX 911.3
Item number .T768 1998
082 ## - DEWEY DECIMAL CLASSIFICATION NUMBER
Classification number HS 647
Item number T68 1998
245 ## - TITLE STATEMENT
Title Training regulations :
Remainder of title tourism, hotel and restaurant occupations /
Statement of responsibility, etc Technical Education and Skills Development Authority
260 ## - PUBLICATION, DISTRIBUTION, ETC. (IMPRINT)
Place of publication, distribution, etc Taguig, Metro Manila :
Name of publisher, distributor, etc TESDA,
Date of publication, distribution, etc c1998.
300 ## - PHYSICAL DESCRIPTION
Extent 426 p. :
Dimensions 25 cm.
650 ## - SUBJECT ADDED ENTRY--TOPICAL TERM
Topical term or geographic name as entry element Occupations
General subdivision Hotel & Restaurants
9 (RLIN) 15455
942 ## - ADDED ENTRY ELEMENTS (KOHA)
Source of classification or shelving scheme Library of Congress Classification
Koha item type
Holdings
Withdrawn status Lost status Source of classification or shelving scheme Damaged status Home library Current library Shelving location Date acquired Total Checkouts Full call number Barcode Date last seen Copy number Price effective from Koha item type
    Library of Congress Classification   Luxembourg Library Luxembourg Library High School Section 08/29/2013   TX 911.3 .T768 1998 7927 08/29/2013 1 08/29/2013 Books

Training regulations :

APA

(1998). Training regulations. Taguig, Metro Manila: TESDA.

Chicago

1998. Training regulations. Taguig, Metro Manila: TESDA.

Harvard

(1998). Training regulations. Taguig, Metro Manila: TESDA.

MLA

Training regulations. Taguig, Metro Manila: TESDA. 1998.

  • Place hold
  • Print
  • Cite
  • Add to your cart (remove)
  • Save record
    BIBTEX Dublin Core MARCXML MARC (non-Unicode/MARC-8) MARC (Unicode/UTF-8) MARC (Unicode/UTF-8, Standard) MODS (XML) RIS
  • More searches
    Search for this title in:
    Other Libraries (WorldCat) Other Databases (Google Scholar) Online Stores (Bookfinder.com) Open Library (openlibrary.org)

Exporting to Dublin Core...

SOUTHVILLE LIBRARY

Southville International School and Colleges Library

1281 Tropical Ave. Cor. Luxembourg St., BF Homes International, Las Pinas City

Tel. No. 8256374 / 252358 Loc. 117/146

Powered by Koha